Städte und Gemeinden im Landkreis Wolfenbüttel mit Karte - Statistiken

Allgemein
  • Dieses Quiz wurde 150 mal gespielt
  • Das Durchschnittsergebnis liegt bei 12 aus 32
Antworten auf der Karte
Die Antworten werden auf der Karte rot bzw. grün angezeigt, abhängig davon wie oft sie richtig erraten wurden.
 
Antwortstatistiken
Stadt oder Gemeinde % Korrekt
Wolfenbüttel
89%
Schöppenstedt
69%
Cremlingen
67%
Sickte
64%
Denkte
58%
Börßum
56%
Baddeckenstedt
51%
Dorstadt
47%
Ohrum
47%
Schladen-Werla
47%
Dettum
44%
Evessen
44%
Flöthe
44%
Kissenbrück
44%
Cramme
40%
Burgdorf
38%
Elbe
36%
Wittmar
36%
Heiningen
33%
Erkerode
31%
Vahlberg
29%
Dahlum
27%
Veltheim
27%
Haverlah
24%
Roklum
24%
Sehlde
22%
Heere
20%
Kneitlingen
20%
Winnigstedt
20%
Uehrde
18%
Hedeper
16%
Remlingen-Semmenstedt
16%
Keine übereinstimmenden Quizze gefunden
Verteilung der Resultate
Anzahl Personen mit jedem Resultat
Perzentil nach korrekt beantworteten Fragen
Ihre Resultats-Entwicklung
Sie haben dieses Quiz noch nicht gespielt